Gaming Quiz

Random Gaming Quiz

Runescape: Sixth Age Quiz Stats

 Plays Quiz not verified by Sporcle

Challenge
Share
Tweet
Embed
Score 0/34 Timer 05:00
0 Plays Today
Hint Answer % Correct
New skills of the Sixth AgeInvention
100%
Gods competing in World Event #1Zamorak
94.6%
Factions with EmissariesZamorak
94.6%
First god to returnSaradomin
91.9%
Gods competing in World Event #1Saradomin
91.9%
Factions with EmissariesSaradomin
91.9%
Places to offer chronicle fragmentsGuthix's Shrine
84.8%
New skills of the Sixth AgeDivination
83.8%
Factions with EmissariesSliske
83.8%
Character who may have ascended to godhoodSliske
83.8%
Event that started Sixth AgeAssassination of Guthix
81.1%
Quest containing that eventThe World Wakes
81.1%
Factions with EmissariesBandos
81.1%
Factions with EmissariesZaros
78.4%
Factions with EmissariesArmadyl
75.7%
Factions with EmissariesGodless
70.3%
Factions with EmissariesSeren
70.3%
Hint Answer % Correct
Races of the GodsHuman
57.6%
57.1%
Only item with the words 'Sixth Age' inSixth Age Circuit
54.1%
Title earned in questThe World Guardian
52.8%
First Sixth Age World EventThe Battle of Lumbridge
51.4%
Year prior to Sixth Age169
48.6%
Races of the GodsMahjarrat
48.5%
Races of the GodsUnknown
45.5%
Races of the GodsAviansie
42.4%
Second Sixth Age World EventThe Bird and the Beast
28.6%
Races of the GodsCabbage
27.3%
Races of the GodsNaragi
24.2%
Places to offer chronicle fragmentsMay Stormbrewer
18.2%
Races of the GodsMonkey
18.2%
Factions with EmissariesV
14.3%
Easter event following start of Sixth AgeTribute to Guthix
10.8%
Hallowe'en event following World Event #1Lumbridge Rebuildathon
3%

You're not logged in!

Compare scores with friends on all Sporcle quizzes.
Join for Free
OR
Log In

You Might Also Like...

Show Comments

Extras

Created Sep 2, 2013ReportNominate
Tags:runescape

Top Quizzes Today


Score Distribution

Your Account Isn't Verified!

In order to create a playlist on Sporcle, you need to verify the email address you used during registration. Go to your Sporcle Settings to finish the process.

Report this User

Report this user for behavior that violates our Community Guidelines.

Details: